| 000 | aam a22 7a 4500 | ||
|---|---|---|---|
| 999 |
_c7142 _d7142 |
||
| 003 | OSt | ||
| 005 | 20180626162256.0 | ||
| 008 | 180626e201801 spc|||| ||||| 0|0 e cat|d | ||
| 017 |
_aDL L 8-2018 _bBiblioteca de Catalunya |
||
| 020 | _a9788499759425 | ||
| 040 |
_aES-BaUB _bcat _cCDMR |
||
| 100 | 1 |
_aArbonès, Jordi _d1929-2001, _eautor _960 |
|
| 245 | 1 | 0 |
_aPedrolo contra els límits _c/ Jordi Arbonès i Montull ; pròleg i actualització de l'estudi d'Antoni Munné-Jordà |
| 260 |
_aLleida : _bPagès Editors, _c2018 |
||
| 300 |
_a176 p ; _c24 cm |
||
| 504 | _aInclou bibliografia | ||
| 600 | 1 | 7 |
_aPedrolo, Manuel de _d1918-1990 _xCrítica i interpretació _2lemac _92063 |
| 700 | 1 |
_aMunné-Jordà, A. _q(Antoni), _d1948- _eescriptor d'un pròleg |
|
| 942 | _cMON | ||